A Propriedade Horizontal (Relaçoes entre os condominos e as regras de condominio ) (Record no. 2213)
[ view plain ]
| 000 -Etiqueta do registo | |
|---|---|
| Campo de controlo de comprimento fixo | 00371 a2200145 4500 |
| 020 ## - ISBN (NÚMERO DE LIVRO PADRÃO INTERNACIONAL) | |
| ISBN | N/S |
| 040 ## - Fonte de Catalogação | |
| Agência de catalogação | Biblioteca Geral- Universidade Lusíada de Angola |
| 082 ## - DEWEY DECIMAL CLASSIFICATION NUMBER | |
| Classificador- CDU | 34 |
| 100 ## - Nome Pessoal | |
| 9 (RLIN) | 1040 |
| Autor | SEIXAS,Hersilia |
| 245 ## - Declaração de Título | |
| Título | A Propriedade Horizontal (Relaȯes entre os condominos e as regras de condominio ) |
| 260 ## - Publicação e Destribuíção | |
| Local de edição/distribuição | Luanda, |
| Editor/distribuidor | Letras Literadas |
| Data de edição/distribuição | 2025. |
| 300 ## - Descrição Física | |
| Nº Pág. | 136p |
| 650 ## - MATERIA | |
| MATERIA | Direito |
| 942 ## - - Elementos de entrada adicionados (koha) | |
| Tipo de documento | Livros |
| Withdrawn status | Lost status | Source of classification or shelving scheme | Damaged status | Not for loan | Permanent Location | Current Location | Date acquired | Inventory number | Total Checkouts | Full call number | Barcode | Date last seen | Price effective from | Koha item type |
|---|---|---|---|---|---|---|---|---|---|---|---|---|---|---|
| Dewey Decimal Classification | Biblioteca Geral- Universidade Lusíada de Angola | Biblioteca Geral- Universidade Lusíada de Angola | 20/04/2026 | 13(1) | 34 | 2026-0126 | 20/04/2026 | 20/04/2026 | Livros |
